000
00206 a2200097 4500
001
15041
100
_a
Macaulay R
245
_a
Fabled shore
260
_a
London
_b
Hamish hamulton
_c
090
_c
11796
_d
11796
942
_a
NUST-CAE
_c
M
_c
1998
999
_c
250114
_d
250114